Understanding the Bible. (Record no. 3336)

000 -LEADER
fixed length control field 00647nam a2200181 a 4500
001 - CONTROL NUMBER
control field :::00001066$&:&@@
003 - CONTROL NUMBER IDENTIFIER
control field OkBaRHE
005 - DATE AND TIME OF LATEST TRANSACTION
control field 20000607103241.0
008 - FIXED-LENGTH DATA ELEMENTS--GENERAL INFORMATION
fixed length control field s1972 j 000 0 eng u
040 ## - CATALOGING SOURCE
Transcribing agency
100 1# - MAIN ENTRY--PERSONAL NAME
Personal name Stott, John R. W.
245 10 - TITLE STATEMENT
Title Understanding the Bible.
Statement of responsibility, etc [Illustrated by Annie Valloton ; maps by Liz Leyland and Jenny Grayston].
260 ## - PUBLICATION, DISTRIBUTION, ETC. (IMPRINT)
Place of publication, distribution, etc Minneapolis, MN., :
Name of publisher, distributor, etc World Wide Publications
Date of publication, distribution, etc 1972
300 ## - PHYSICAL DESCRIPTION
Extent 254 p. : illus. ;
Dimensions 18 cm.
650 ## - SUBJECT ADDED ENTRY--TOPICAL TERM
Topical term or geographic name as entry element Bible
General subdivision Criticism, Interpretation, etc.
942 ## - ADDED ENTRY ELEMENTS (KOHA)
Source of classification or shelving scheme
Koha item type Books
Copies
Source of classification or shelving scheme Shelving location Date acquired Barcode Full call number Date last seen Lost status Withdrawn status Price effective from Koha item type Not for loan Damaged status Copy number Permanent Location
 General Stacks2010-04-141066BS 511.2 .S862010-04-14  2010-04-14Books  1RHEMA Bible Training College